LEADER 01270nam a2200289 4500 001 000000348425 003 CaOOAMICUS 005 20211109142028.0 008 211109s2012 it a 000 u ita r 020 $a978-88-430-4625-6 040 $aSeMil$bita 100 1 $aStaccioli, Gianfranco,$d<1939- >.$0(OLS)http://semarc/name/114974 245 13$aIl gioco e il giocare :$belementi di didattica ludica /$cGianfranco Staccioli. 250 $aNuova ed. 264 1$aRoma :$bCarocci,$c2012. 300 $a269 p. :$bill. ;$c24 cm 490 1 $aManuali universitari. Scienze dell'educazione ;$v62 650 4$aGioco - Aspetti psicologici.$0(OLS)http://semarc/subject/7186 650 4$aPedagogia dell'educazione.$0(OLS)http://semarc/subject/13240 830 0$aManuali universitari. Scienze dell'educazione ;$v62.$0(OLS)http://semarc/title/437820 850 $aSeMil 852 $aSeMil$W1$xVenegono$y1$m2Q IV 374$j230158$B239492$CSeMilBibl$Z2$F239492 $81 961 $aLorenzi don Ugo - Omaggio 996 $6020$a978-88-430-4625-6$9(OLS)http://semarc/number/294512 996 $6245$aIl gioco e il giocare :$belementi di didattica ludica$9(OLS)http://semarc/title/437819 996 $6264$aRoma :$bCarocci$9(OLS)http://semarc/publisher/31977 LEADER 01234nam a2200229 i 4500 001 000000231398 003 CaOOAMICUS 005 20140724000000.0 008 140724s1966 it u000 u eng u 013 $a210301 040 $aSeMil$bita 100 1 $aTaylor, Vincent.$0(OLS)http://semarc/name/32606 245 14$aThe Gospel According to St. Mark /$cThe Greek Text With Introduction, Notes and Indexes By Vincent Taylor Ph. D.,D.D. (Lond.), Hon. D.D. (Leeds), Hon. D.D. (Dublin), Hon. D.D. (Glasgow), F.B.A. 250 $aSecond Edition. 260 $aMacmillan :$bSt. Martin's Press,$c1966. 300 $aXXI, 700 p. ;$c22 cm. 500 $aContiene : Select Bibliography. - In mezzo al front : Formerly principal and Ferens Professor of New Testament Language and Literature at Wesley College, Headingley, Leeds. 650 4$aBibbia. Nuovo Testamento. Vangelo secondo Marco - Commentari, studi, critica, interpretazioni.$0(OLS)http://semarc/subject/143 850 $aSeMil 852 $aSeMil$W1$xVenegono$y1$m2Z II 109$j181744$B181744$CSeMilBibl$Z2$F192518 $81 996 $6245$aThe Gospel According to St. Mark$9(OLS)http://semarc/title/330460 996 $6260$aMacmillan :$bSt. Martin's Press$9(OLS)http://semarc/publisher/53875